00376nam a2200097 4500008004100000245008000041260005100121942000700172952008400179999001500263240130b |||||||| |||| 00| 0 eng d aJournal:Institute of Muslim minority affairs:bVol. II No.2 & Vol. III No.3 aJeddah:bKing Abdulaziz university,c1980/1981 cCR 00102ddc4070aMAINbMAINd2024-01-30l0pRAF4928r2024-01-30w2024-01-30yCR c4700d4700